Statystyki dla Państwa, które były kiedyś częścią Węgier

Kliknij tutaj aby rozwiązać quiz!

Ogólne statystyki

  • Ten quiz został rozwiązany 255 razy
  • Średni wynik to 15 z 17

Statystyki odpowiedzi

Państwo% Poprawnych
Polska
99%
Słowacja
98%
Austria
97%
Czechy
96%
Słowenia
95%
Rumunia
94%
Serbia
93%
Chorwacja
91%
Ukraina
91%
Niemcy
88%
Włochy
85%
Czarnogóra
83%
Mołdawia
82%
Bułgaria
81%
Albania
78%
Kosowo
73%
Białoruś
58%

Rozkład punktacji

Percentyl według liczby udzielonych odpowiedzi

Procent ludzi z każdym wynikiem

Twoja historia wyników

Nie rozwiązałeś tego quizu